Largest UK cities/towns with 3 words in it's name - Statistics

General Stats
  • This quiz has been taken 63 times
  • The average score is 4 of 13
Answer Stats
Town / City Population % Correct
Newcastle upon Tyne 300,196
73%
Kingston upon Hull 260,645
69%
Stoke on Trent 255,833
67%
Newcastle under Lyme 75,082
41%
Weston super Mare 76,143
39%
Southend on Sea 182,463
35%
Royal Tunbridge Wells 59,947
16%
Barrow in Furness 56,745
12%
Burton upon Trent 72,299
10%
Clacton on Sea 56,874
10%
Royal Leamington Spa 55,733
10%
Stockton on Tees 85,000
10%
Walton on Thames 66,566
4%
No matching quizzes found
Score Distribution
Percent of People with Each Score
Percentile by Number Answered
Your Score History
You have not taken this quiz